[Event "DEM U16 2016"]
[Site "Willingen GER"]
[Date "2016.05.15"]
[Round "1"]
[White "Schröder, Kevin"]
[Black "Rieß, Alexander"]
[Result "0-1"]
[Termination "normal"]
[Board "1"]
[BlackTitle "FM"]
[WhiteElo "2361"]
[BlackElo "2205"]
[WhiteClock "00:09:58"]
[BlackClock "00:07:48"]
[PlyCount "82"]
[WhiteFideId "12929840"]
[BlackFideId "12953326"]
[EventCountry "GER"]
[EventRounds "9"]
[EventType "swiss"]
[EventDate "2016.05.14"]

1. e4 e6 2. d4 d5 3. Nc3 Nf6 4. Bg5 Bb4 5. Nge2 dxe4 6. a3 Be7 7. Bxf6 Bxf6 8.
Nxe4 Nc6 9. c3 Be7 10. f4 Qd5 11. N2g3 h5 12. h4 Bd7 13. Be2 O-O-O 14. Bf3 Be8
15. Nc5 Qc4 16. Qd3 Qxc5 17. dxc5 Rxd3 18. Ke2 Rd8 19. b4 Bf6 20. Rac1 g6 21.
Ne4 Bg7 22. a4 Ne7 23. b5 Nd5 24. g3 f5 25. Ng5 Nxc3+ 26. Ke1 Rd3 27. Kf2 Ne4+
28. Nxe4 fxe4 29. Bxe4 Rd4 30. Bf3 Rxa4 31. c6 b6 32. Rhd1 Rd4 33. Ke3 Rxd1 34.
Rxd1 Bf8 35. g4 Bd6 36. gxh5 gxh5 37. Ra1 Kb8 38. Be4 Rf8 39. Rf1 a6 40. Bd3
axb5 41. Bxb5 Rf5 0-1

[Event "DEM U16 2016"]
[Site "Willingen GER"]
[Date "2016.05.15"]
[Round "1"]
[White "Polster, Christian"]
[Black "Bergauz, Noam"]
[Result "1-0"]
[Termination "normal"]
[Board "2"]
[WhiteElo "2150"]
[BlackElo "2301"]
[WhiteClock "00:06:39"]
[BlackClock "00:02:07"]
[PlyCount "79"]
[WhiteFideId "12965081"]
[BlackFideId "12938033"]
[EventCountry "GER"]
[EventRounds "9"]
[EventType "swiss"]
[EventDate "2016.05.14"]

1. e4 e6 2. d4 d5 3. Nc3 Bb4 4. e5 Ne7 5. a3 Bxc3+ 6. bxc3 b6 7. h4 Ba6 8. Bxa6
Nxa6 9. h5 h6 10. Qg4 Rg8 11. a4 c5 12. Qe2 Nb8 13. Nf3 Nbc6 14. O-O c4 15. Nh4
Qd7 16. f4 O-O-O 17. f5 exf5 18. Qf2 g6 19. hxg6 fxg6 20. Bxh6 Rh8 21. Bg5 Rh5
22. Bf6 Re8 23. Qf3 Rh7 24. Qg3 Kb7 25. Nf3 Rh5 26. Kf2 Rh6 27. Rh1 Ng8 28. Bg5
Rxh1 29. Rxh1 Na5 30. Rh8 Qxa4 31. Qh4 Qxc2+ 32. Kg3 f4+ 33. Kh2 Qxc3 34. Rxg8
Rxg8 35. Qh7+ Ka6 36. Qxg8 Qe3 37. e6 Nc6 38. Qc8+ Kb5 39. Qd7 Qe4 40. e7 1-0

[Event "DEM U16 2016"]
[Site "Willingen GER"]
[Date "2016.05.15"]
[Round "1"]
[White "Ravina, David"]
[Black "Martin, Julian"]
[Result "1-0"]
[Termination "normal"]
[Board "4"]
[WhiteElo "2129"]
[BlackElo "2325"]
[WhiteClock "01:09:34"]
[BlackClock "00:18:04"]
[PlyCount "51"]
[WhiteFideId "12921858"]
[BlackFideId "12941000"]
[EventCountry "GER"]
[EventRounds "9"]
[EventType "swiss"]
[EventDate "2016.05.14"]

1. e4 c5 2. d4 cxd4 3. c3 dxc3 4. Nxc3 Nc6 5. Nf3 e6 6. Bc4 a6 7. O-O b5 8. Bb3
d6 9. Qe2 Ra7 10. Be3 Rd7 11. Rac1 Bb7 12. Nxb5 axb5 13. Qxb5 Nge7 14. Nd4 Nb8
15. Ba4 Ba6 16. Qb3 Bxf1 17. Nxe6 fxe6 18. Bb6 Kf7 19. Bxd8 Rxd8 20. Qb6 Nec6
21. Kxf1 Be7 22. Bxc6 Rc8 23. Rc3 Nxc6 24. Rxc6 Rb8 25. Qd4 Rb7 26. e5 1-0

[Event "DEM U16 2016"]
[Site "Willingen GER"]
[Date "2016.05.15"]
[Round "1"]
[White "Kololli, Martin"]
[Black "Oberhofer, Cédric"]
[Result "1/2-1/2"]
[Termination "normal"]
[Board "5"]
[WhiteElo "2259"]
[BlackElo "2090"]
[WhiteClock "00:44:18"]
[BlackClock "00:40:59"]
[PlyCount "41"]
[WhiteFideId "12936910"]
[BlackFideId "12941220"]
[EventCountry "GER"]
[EventRounds "9"]
[EventType "swiss"]
[EventDate "2016.05.14"]

1. e4 c5 2. c3 d5 3. exd5 Qxd5 4. d4 Nf6 5. Nf3 e6 6. Bd3 Be7 7. Be3 O-O 8. O-O
Rd8 9. Qe2 Nc6 10. Rd1 b6 11. dxc5 Ba6 12. Nd4 Bxd3 13. Rxd3 bxc5 14. Nxc6 Qxd3
15. Nxe7+ Kf8 16. Qe1 Kxe7 17. Bxc5+ Ke8 18. Na3 Rab8 19. b3 Qd2 20. Nc4 Qxe1+
21. Rxe1 1/2-1/2

[Event "DEM U16 2016"]
[Site "Willingen GER"]
[Date "2016.05.15"]
[Round "1"]
[White "Niermann, Tristan"]
[Black "Kitze, Alexander"]
[Result "1-0"]
[Termination "normal"]
[Board "6"]
[WhiteElo "2025"]
[BlackElo "2231"]
[WhiteClock "00:36:49"]
[BlackClock "00:00:37"]
[PlyCount "59"]
[WhiteFideId "12990698"]
[BlackFideId "12914827"]
[EventCountry "GER"]
[EventRounds "9"]
[EventType "swiss"]
[EventDate "2016.05.14"]

1. d4 Nf6 2. c4 c5 3. d5 e6 4. Nc3 exd5 5. cxd5 d6 6. Nf3 g6 7. g3 Bg7 8. Bg2
O-O 9. O-O a6 10. a4 Nbd7 11. Bf4 Qc7 12. Rc1 Nh5 13. Be3 Ne5 14. Nxe5 Bxe5 15.
f4 Bg7 16. Bf2 Nf6 17. h3 Qa5 18. e4 Nd7 19. Re1 Re8 20. Kh2 b5 21. e5 dxe5 22.
d6 Rb8 23. Nd5 Bb7 24. Ne7+ Kh8 25. Bxb7 Rxb7 26. Qd5 Qb6 27. a5 Qa7 28. fxe5
Qb8 29. Bxc5 Qd8 30. Qxb7 1-0

[Event "DEM U16 2016"]
[Site "Willingen GER"]
[Date "2016.05.15"]
[Round "1"]
[White "Gungl, Theo"]
[Black "Degenhard, Simon"]
[Result "1/2-1/2"]
[Termination "normal"]
[Board "7"]
[WhiteElo "2326"]
[BlackElo "1967"]
[WhiteClock "00:05:52"]
[BlackClock "00:14:43"]
[PlyCount "70"]
[WhiteFideId "24695653"]
[BlackFideId "12944017"]
[EventCountry "GER"]
[EventRounds "9"]
[EventType "swiss"]
[EventDate "2016.05.14"]

1. e4 e6 2. d4 d5 3. Nd2 a6 4. c3 c5 5. Ngf3 Nc6 6. exd5 exd5 7. dxc5 Bxc5 8.
Nb3 Ba7 9. Be2 h6 10. O-O Nf6 11. Nbd4 O-O 12. Be3 Bg4 13. Nxc6 bxc6 14. Bxa7
Rxa7 15. Rc1 Qa5 16. Nd4 Bd7 17. Qc2 c5 18. Nf3 Rb7 19. b3 Re8 20. Rfe1 Bb5 21.
Bxb5 Rxe1+ 22. Nxe1 axb5 23. Nd3 Qa3 24. Rd1 Ra7 25. Nc1 Re7 26. h3 Qa5 27. Qf5
Qxc3 28. Nd3 c4 29. bxc4 bxc4 30. Nf4 Re1+ 31. Rxe1 Qxe1+ 32. Kh2 Qxf2 33. Qc8+
Kh7 34. Qf5+ Kg8 35. Qc8+ Kh7 1/2-1/2

[Event "DEM U16 2016"]
[Site "Willingen GER"]
[Date "2016.05.15"]
[Round "1"]
[White "Silber, Kevin"]
[Black "Urban, Konstantin"]
[Result "0-1"]
[Termination "normal"]
[Board "8"]
[WhiteElo "1956"]
[BlackElo "2242"]
[WhiteClock "00:00:40"]
[BlackClock "00:11:11"]
[PlyCount "68"]
[WhiteFideId "12930440"]
[BlackFideId "12927511"]
[EventCountry "GER"]
[EventRounds "9"]
[EventType "swiss"]
[EventDate "2016.05.14"]

1. e4 c5 2. Nf3 d6 3. d4 cxd4 4. Nxd4 Nf6 5. Nc3 a6 6. Bg5 Nbd7 7. f4 Qc7 8.
Qe2 e5 9. Nf5 h6 10. Bh4 exf4 11. O-O-O g5 12. Qd2 Ne5 13. Bf2 Bxf5 14. exf5
O-O-O 15. Nd5 Nxd5 16. Qxd5 Bg7 17. Qb3 Qc6 18. Bd4 Rd7 19. Be2 Qxg2 20. Bxe5
Bxe5 21. Bf3 Qf2 22. Rhe1 Qc5 23. Rd5 Qc7 24. Re4 Kb8 25. Rc4 Qd8 26. Rb4 Qc8
27. Ra5 g4 28. Bd5 f3 29. Qe3 Re8 30. Be4 Bf6 31. Kb1 Re5 32. Rxa6 Qc5 33. Qxc5
dxc5 34. Rxb7+ Rxb7 0-1

[Event "DEM U16 2016"]
[Site "Willingen GER"]
[Date "2016.05.15"]
[Round "1"]
[White "Buckels, Valentin"]
[Black "Tiarks, Jann-Christian"]
[Result "1-0"]
[Termination "normal"]
[Board "9"]
[WhiteElo "2240"]
[BlackElo "1983"]
[WhiteClock "00:08:03"]
[BlackClock "00:43:41"]
[PlyCount "95"]
[WhiteFideId "12942766"]
[BlackFideId "12951595"]
[EventCountry "GER"]
[EventRounds "9"]
[EventType "swiss"]
[EventDate "2016.05.14"]

1. d4 d5 2. c4 e6 3. Nc3 c6 4. Qc2 Bd6 5. e3 f5 6. Bd3 Nf6 7. Nge2 O-O 8. f3
Bd7 9. O-O Qe7 10. Bd2 Be8 11. e4 e5 12. dxe5 Bxe5 13. exd5 Qc5+ 14. Kh1 cxd5
15. cxd5 g6 16. Nf4 Qd6 17. Ne6 Bxh2 18. Nxf8 Nh5 19. Ne2 Kxf8 20. Qc4 Na6 21.
f4 Bg3 22. Qd4 Kg8 23. Bc3 Nc5 24. Qh8+ Kf7 25. Qxh7+ Kf8 26. Nxg3 Nxg3+ 27.
Kg1 Nh5 28. Qh8+ Kf7 29. Bxf5 gxf5 30. Qxh5+ Qg6 31. Qxg6+ Kxg6 32. Rfe1 Ne4
33. Be5 Rd8 34. Red1 Bf7 35. d6 Be8 36. Rac1 Bc6 37. b4 a6 38. Rd4 Ng3 39. Rd2
Rd7 40. Kh2 Ne4 41. Rd3 Nf2 42. Rg3+ Ng4+ 43. Kg1 Kf7 44. Rh3 Ke6 45. Rh8 Rf7
46. Rc5 Ne3 47. a4 Bxa4 48. Rh6+ 1-0

[Event "DEM U16 2016"]
[Site "Willingen GER"]
[Date "2016.05.15"]
[Round "1"]
[White "Savchenko, Daniel"]
[Black "Schmidek, Emil"]
[Result "0-1"]
[Termination "normal"]
[Board "10"]
[WhiteElo "1955"]
[BlackElo "2242"]
[WhiteClock "00:06:54"]
[BlackClock "00:10:13"]
[PlyCount "58"]
[WhiteFideId "12919195"]
[BlackFideId "12908150"]
[EventCountry "GER"]
[EventRounds "9"]
[EventType "swiss"]
[EventDate "2016.05.14"]

1. e4 e5 2. Nf3 Nc6 3. Bb5 Nge7 4. c3 d6 5. h3 g6 6. O-O Bg7 7. d4 Bd7 8. d5
Nb8 9. Bd3 O-O 10. Nbd2 f5 11. Bc2 f4 12. c4 a5 13. c5 dxc5 14. Nc4 Bb5 15. Bd3
Bxc4 16. Bxc4 Nc8 17. d6+ Kh8 18. dxc7 Qxc7 19. Ng5 Qe7 20. Qg4 h5 21. Nf7+
Qxf7 22. Qxc8 Qxc4 23. Qxb7 Na6 24. Qc6 Kh7 25. b3 Nb4 26. Qb7 Qa6 27. Qe7 Nd3
28. Ba3 Ra7 29. Qg5 Bf6 0-1

[Event "DEM U16 2016"]
[Site "Willingen GER"]
[Date "2016.05.15"]
[Round "1"]
[White "Fieberg, Samuel"]
[Black "Wiesner, Alexander"]
[Result "1-0"]
[Termination "normal"]
[Board "11"]
[WhiteElo "2176"]
[BlackElo "1832"]
[WhiteClock "00:25:43"]
[BlackClock "00:12:10"]
[PlyCount "101"]
[WhiteFideId "12901717"]
[BlackFideId "12943991"]
[EventCountry "GER"]
[EventRounds "9"]
[EventType "swiss"]
[EventDate "2016.05.14"]

1. e4 e6 2. d4 d5 3. Nd2 dxe4 4. Nxe4 Nf6 5. Nxf6+ gxf6 6. Bf4 Nd7 7. Nf3 b6 8.
Bc4 Bb7 9. Qe2 Bd6 10. Bxd6 cxd6 11. d5 e5 12. Nh4 Qc7 13. Nf5 O-O-O 14. O-O
Kb8 15. a4 Nf8 16. Ra3 Ng6 17. a5 Nf4 18. Qe4 b5 19. Ba2 Rhg8 20. g3 Nh3+ 21.
Kg2 Ng5 22. Qb4 Qc5 23. Qxc5 dxc5 24. a6 Bc8 25. Ne7 Bh3+ 26. Kg1 Bxf1 27. Nxg8
Bh3 28. Ne7 Kc7 29. Nc6 Ra8 30. Re3 e4 31. c4 b4 32. Bb3 Nf3+ 33. Kh1 f5 34.
Bd1 Nd4 35. g4 Bf1 36. Ne5 f6 37. Kg1 fxe5 38. Kxf1 Rg8 39. gxf5 Nxf5 40. Rxe4
Kd6 41. Bg4 Rg5 42. Bxf5 Rxf5 43. Rh4 h5 44. Ke2 Kc7 45. Re4 Rg5 46. h4 Rf5 47.
f4 exf4 48. Kf3 Rf6 49. Re7+ Kb8 50. Re6 Rf7 51. Rc6 1-0

[Event "DEM U16 2016"]
[Site "Willingen GER"]
[Date "2016.05.15"]
[Round "1"]
[White "Piskaykin, Bogdan"]
[Black "Pallas, Sebastian"]
[Result "0-1"]
[Termination "normal"]
[Board "12"]
[WhiteElo "1869"]
[BlackElo "2225"]
[WhiteClock "00:30:21"]
[BlackClock "00:33:33"]
[PlyCount "82"]
[WhiteFideId "12941212"]
[BlackFideId "12905453"]
[EventCountry "GER"]
[EventRounds "9"]
[EventType "swiss"]
[EventDate "2016.05.14"]

1. e4 c5 2. Nf3 d6 3. d4 cxd4 4. Nxd4 Nf6 5. Nc3 a6 6. g3 g6 7. Bg2 Bg7 8. O-O
O-O 9. a4 Nbd7 10. h3 Qc7 11. Kh2 Rd8 12. f4 e5 13. Nde2 Nb6 14. Qe1 Be6 15. a5
Nbd7 16. b3 exf4 17. gxf4 d5 18. e5 Ne4 19. Nxe4 dxe4 20. Ra2 f5 21. Be3 Re8
22. Qf2 Kh8 23. Kh1 Bf8 24. Rd1 Bb4 25. Bd2 Bxd2 26. Rxd2 Rad8 27. Ra4 Nb8 28.
Nd4 Nc6 29. Nxc6 bxc6 30. Rxd8 Rxd8 31. Qh4 Kg8 32. Qf2 Qd7 33. Ra1 Qd2 34. Qb6
e3 35. Qxc6 Kf7 36. Qb7+ Rd7 37. Qxa6 e2 38. Bf1 Bd5+ 39. Bg2 Bxg2+ 40. Kh2 Bd5
41. Qf6+ Kg8 0-1

[Event "DEM U16 2016"]
[Site "Willingen GER"]
[Date "2016.05.15"]
[Round "1"]
[White "Spitzl, Vinzent"]
[Black "Schlick, Stefan"]
[Result "1/2-1/2"]
[Termination "normal"]
[Board "13"]
[WhiteElo "2253"]
[BlackElo "1918"]
[WhiteClock "00:03:08"]
[BlackClock "00:27:29"]
[PlyCount "114"]
[WhiteFideId "12901253"]
[BlackFideId "16211332"]
[EventCountry "GER"]
[EventRounds "9"]
[EventType "swiss"]
[EventDate "2016.05.14"]

1. e4 e5 2. Nf3 Nc6 3. Bb5 Nf6 4. d3 Bc5 5. Bxc6 dxc6 6. O-O Bd6 7. Nbd2 O-O 8.
Nc4 Nd7 9. b3 Re8 10. Bb2 f6 11. Re1 Nc5 12. Qe2 Bg4 13. Ne3 Bh5 14. Nf5 Ne6
15. Ng3 Bf7 16. Rad1 c5 17. c3 a5 18. d4 cxd4 19. cxd4 Nxd4 20. Nxd4 exd4 21.
Rxd4 c5 22. Rd2 Qc7 23. Red1 Bxg3 24. hxg3 Rad8 25. Qg4 Rxd2 26. Rxd2 Be6 27.
Qh5 Bf7 28. Qg4 Be6 29. Qd1 Qc6 30. f3 Re7 31. Rd6 Rd7 32. Rxd7 Qxd7 33. Qc2
Qb5 34. f4 c4 35. bxc4 Qxc4 36. Qxc4 Bxc4 37. a3 Kf7 38. Bc3 a4 39. Kf2 Bd3 40.
Ke3 Bf1 41. Kf3 h5 42. Bb4 g6 43. Bd6 Ke6 44. Bc7 f5 45. e5 b5 46. Bd6 Bc4 47.
Ke3 Bd5 48. Kd4 Bxg2 49. Kc5 Bf1 50. Kc6 Bc4 51. Kc7 Kf7 52. Kd7 Be6+ 53. Kc6
Bc4 54. Bb4 Ke6 55. Bd6 Kf7 56. Bb4 Ke6 57. Bd6 Kf7 1/2-1/2

[Event "DEM U16 2016"]
[Site "Willingen GER"]
[Date "2016.05.15"]
[Round "1"]
[White "Wurst, Maximilian"]
[Black "Kololli, Kevin"]
[Result "0-1"]
[Termination "normal"]
[Board "14"]
[WhiteElo "1751"]
[BlackElo "2164"]
[WhiteClock "00:21:21"]
[BlackClock "00:33:11"]
[PlyCount "118"]
[WhiteFideId "12971812"]
[BlackFideId "12936863"]
[EventCountry "GER"]
[EventRounds "9"]
[EventType "swiss"]
[EventDate "2016.05.14"]

1. e4 Nf6 2. Nc3 d6 3. Bc4 c5 4. d3 g6 5. Nge2 Bg7 6. h3 Nc6 7. a3 a6 8. Be3 b5
9. Bb3 Bb7 10. Qd2 Rc8 11. O-O O-O 12. Bh6 Qb6 13. Bxg7 Kxg7 14. Nd5 Nxd5 15.
Bxd5 e6 16. Ba2 Ne7 17. Rac1 c4 18. Rfd1 Rfd8 19. Nc3 d5 20. exd5 Nxd5 21. Nxd5
Bxd5 22. Qc3+ Kg8 23. dxc4 bxc4 24. Qd4 Qa5 25. Qe3 Qb5 26. Rb1 Rd7 27. Qc3
Rdc7 28. Rd2 a5 29. Rd4 Rc5 30. Qe3 Ba8 31. Qd2 Rd5 32. Rxd5 Bxd5 33. Qc3 Rc5
34. Rd1 Qb8 35. b4 axb4 36. axb4 Rc7 37. Qb2 c3 38. Qb1 Bxa2 39. Qxa2 Qxb4 40.
Qa8+ Kg7 41. Qd8 Rb7 42. Qg5 Qe4 43. Qc1 Rb2 44. Rd3 Qb4 45. Qe3 Rxc2 46. Qe5+
Kh6 47. Rd4 Qe7 48. g3 f6 49. Qe3+ g5 50. Rh4+ Kg7 51. Rxh7+ Kxh7 52. Qd3+ Kg7
53. Qxc2 Qc5 54. Kf1 f5 55. Ke2 Kg6 56. Kd3 e5 57. Qxc3 e4+ 58. Kc2 Qxf2+ 59.
Kd1 Qf1+ 0-1

[Event "DEM U16 2016"]
[Site "Willingen GER"]
[Date "2016.05.15"]
[Round "1"]
[White "Muckle, Julius"]
[Black "Zimmer, Luca"]
[Result "1-0"]
[Termination "normal"]
[Board "15"]
[WhiteElo "2163"]
[BlackElo "1598"]
[WhiteClock "00:38:16"]
[BlackClock "00:13:06"]
[PlyCount "99"]
[WhiteFideId "12942430"]
[BlackFideId "12921424"]
[EventCountry "GER"]
[EventRounds "9"]
[EventType "swiss"]
[EventDate "2016.05.14"]

1. d4 e6 2. c4 Bb4+ 3. Bd2 Bxd2+ 4. Nxd2 Nf6 5. e4 d6 6. Ngf3 e5 7. Be2 Nbd7 8.
O-O O-O 9. Qc2 b6 10. b4 Qe7 11. Rac1 c5 12. bxc5 dxc5 13. dxe5 Nxe5 14. Qc3
Re8 15. Nxe5 Qxe5 16. Qxe5 Rxe5 17. f4 Re7 18. e5 Nd7 19. Bf3 Rb8 20. Bd5 Bb7
21. Ne4 Nf8 22. Nd6 Bxd5 23. cxd5 Rd8 24. Nf5 Ree8 25. Rcd1 g6 26. Nh6+ Kg7 27.
Ng4 Nd7 28. Rfe1 h5 29. Nf2 c4 30. Ne4 Re7 31. Rc1 Rc8 32. Red1 b5 33. a4 a6
34. Nd6 Rd8 35. axb5 axb5 36. Nxb5 Nb6 37. d6 Red7 38. Nc3 f6 39. Ne4 fxe5 40.
fxe5 Rc8 41. e6 Rdd8 42. d7 Nxd7 43. Rxd7+ Kh6 44. Rxd8 Rxd8 45. Rxc4 Re8 46.
Rc7 Rxe6 47. Rh7+ Kxh7 48. Ng5+ Kg7 49. Nxe6+ Kf6 50. Nc5 1-0

[Event "DEM U16 2016"]
[Site "Willingen GER"]
[Date "2016.05.15"]
[Round "2"]
[White "Kololli, Kevin"]
[Black "Buckels, Valentin"]
[Result "1/2-1/2"]
[Termination "normal"]
[Board "2"]
[WhiteElo "2164"]
[BlackElo "2240"]
[WhiteClock "01:33:25"]
[BlackClock "00:16:39"]
[PlyCount "91"]
[WhiteFideId "12936863"]
[BlackFideId "12942766"]
[EventCountry "GER"]
[EventRounds "9"]
[EventType "swiss"]
[EventDate "2016.05.14"]

1. e4 e5 2. Nf3 Nc6 3. Bc4 Bc5 4. b4 Bxb4 5. c3 Ba5 6. d4 d6 7. Qb3 Qd7 8. O-O
Bb6 9. dxe5 Na5 10. Qb5 Nxc4 11. Qxc4 dxe5 12. Nxe5 Qe6 13. Bf4 Qxc4 14. Nxc4
Be6 15. Nxb6 cxb6 16. Na3 Nf6 17. Nb5 O-O 18. Nd6 Rfd8 19. h3 Rd7 20. f3 Rad8
21. Nb5 a6 22. Nd4 Bc4 23. Rfb1 b5 24. a4 bxa4 25. Rxa4 Bd3 26. Rb6 Rc8 27. Ra3
Bc4 28. Kf2 Ne8 29. g4 f6 30. h4 Kf7 31. g5 Re7 32. gxf6 gxf6 33. h5 Rc5 34. h6
Rd7 35. Ra1 Bb5 36. Nxb5 Rxb5 37. Rxb5 axb5 38. Rb1 Nc7 39. Ke3 Ne6 40. Rxb5
Nxf4 41. Kxf4 Kg6 42. Rb6 Rc7 43. Kg4 Rxc3 44. Rxb7 Kxh6 45. Rb6 Kg7 46. Rb7+
1/2-1/2

[Event "DEM U16 2016"]
[Site "Willingen GER"]
[Date "2016.05.15"]
[Round "2"]
[White "Schmidek, Emil"]
[Black "Polster, Christian"]
[Result "1-0"]
[Termination "normal"]
[Board "3"]
[WhiteElo "2242"]
[BlackElo "2150"]
[WhiteClock "01:35:07"]
[BlackClock "00:59:16"]
[PlyCount "61"]
[WhiteFideId "12908150"]
[BlackFideId "12965081"]
[EventCountry "GER"]
[EventRounds "9"]
[EventType "swiss"]
[EventDate "2016.05.14"]

1. e4 c5 2. Nf3 d6 3. d4 cxd4 4. Nxd4 Nf6 5. Nc3 a6 6. Bg5 e6 7. f4 Be7 8. Qf3
h6 9. Bh4 g5 10. fxg5 Nfd7 11. Nxe6 fxe6 12. Qh5+ Kf8 13. Bb5 Rh7 14. O-O+ Kg8
15. g6 Rg7 16. Rf7 Bxh4 17. Qxh6 Rxf7 18. gxf7+ Kxf7 19. Rf1+ Bf6 20. Qh7+ Kf8
21. e5 dxe5 22. Be2 Qb6+ 23. Kh1 Ke8 24. Qg8+ Ke7 25. Rd1 Nc6 26. Bh5 Bg7 27.
Qe8+ Kf6 28. Qf7+ Kg5 29. Qg6+ Kf4 30. Qg4+ Ke3 31. Qf3# 1-0

[Event "DEM U16 2016"]
[Site "Willingen GER"]
[Date "2016.05.15"]
[Round "2"]
[White "Rieß, Alexander"]
[Black "Fieberg, Samuel"]
[Result "1/2-1/2"]
[Termination "normal"]
[Board "4"]
[WhiteTitle "FM"]
[WhiteElo "2205"]
[BlackElo "2176"]
[WhiteClock "00:30:55"]
[BlackClock "00:36:31"]
[PlyCount "59"]
[WhiteFideId "12953326"]
[BlackFideId "12901717"]
[EventCountry "GER"]
[EventRounds "9"]
[EventType "swiss"]
[EventDate "2016.05.14"]

1. d4 d5 2. c4 c6 3. Nf3 Nf6 4. Nc3 e6 5. Bg5 h6 6. Bxf6 Qxf6 7. e3 g6 8. Bd3
Bg7 9. O-O O-O 10. Re1 Rd8 11. e4 dxe4 12. Nxe4 Qe7 13. c5 Bxd4 14. Nxd4 Rxd4
15. Qc2 Rd8 16. Rad1 Nd7 17. Qc1 Kh7 18. Re3 f5 19. Nd6 Qf8 20. Bb1 Nf6 21.
Rde1 Rxd6 22. cxd6 Qxd6 23. Rh3 Qf8 24. a3 Bd7 25. Ba2 Re8 26. Rhe3 Qd6 27. Rh3
Qf8 28. Rhe3 Qd6 29. Rh3 Qf8 30. Rhe3 1/2-1/2

[Event "DEM U16 2016"]
[Site "Willingen GER"]
[Date "2016.05.15"]
[Round "2"]
[White "Pallas, Sebastian"]
[Black "Ravina, David"]
[Result "1/2-1/2"]
[Termination "normal"]
[Board "5"]
[WhiteElo "2225"]
[BlackElo "2129"]
[WhiteClock "00:17:55"]
[BlackClock "00:32:12"]
[PlyCount "102"]
[WhiteFideId "12905453"]
[BlackFideId "12921858"]
[EventCountry "GER"]
[EventRounds "9"]
[EventType "swiss"]
[EventDate "2016.05.14"]

1. e4 c5 2. Nf3 Nc6 3. d4 cxd4 4. Nxd4 e5 5. Nb5 a6 6. Nd6+ Bxd6 7. Qxd6 Qf6 8.
Qd1 Qg6 9. Nc3 Nge7 10. Be3 d5 11. exd5 Nb4 12. Bd3 Nxd3+ 13. cxd3 Qxg2 14.
Qa4+ b5 15. Qe4 Bh3 16. Qxg2 Bxg2 17. Rg1 Bf3 18. Rg3 Bh5 19. Rg5 Bg6 20. Rxe5
f6 21. Re6 Bf7 22. Re4 Kd7 23. Bc5 Rhe8 24. Bxe7 Rxe7 25. Kd2 f5 26. Rxe7+ Kxe7
27. a3 Kd6 28. Re1 Ra7 29. b4 Rd7 30. Ra1 Kc7 31. Ke3 Bxd5 32. Nxd5+ Rxd5 33.
Rc1+ Kd7 34. d4 g5 35. Rc5 Ke6 36. Rc8 Rd7 37. Ra8 Rd6 38. Ra7 h6 39. Rh7 Kd5
40. Kd3 Rc6 41. Re7 Re6 42. Rf7 f4 43. Rd7+ Kc6 44. Ra7 Kd5 45. h3 Rf6 46. Rc7
f3 47. Rc5+ Kd6 48. Re5 Rf4 49. Re4 Kd5 50. Re5+ Kd6 51. Re4 Rf6 1/2-1/2

[Event "DEM U16 2016"]
[Site "Willingen GER"]
[Date "2016.05.15"]
[Round "2"]
[White "Ovsepyan, Arshak"]
[Black "Niermann, Tristan"]
[Result "1/2-1/2"]
[Termination "normal"]
[Board "6"]
[WhiteElo "2158"]
[BlackElo "2025"]
[WhiteClock "00:14:30"]
[BlackClock "00:03:22"]
[PlyCount "63"]
[WhiteFideId "24690236"]
[BlackFideId "12990698"]
[EventCountry "GER"]
[EventRounds "9"]
[EventType "swiss"]
[EventDate "2016.05.14"]

1. e4 e5 2. Nf3 Nc6 3. d4 exd4 4. Bc4 Bc5 5. c3 Nf6 6. cxd4 Bb4+ 7. Bd2 Bxd2+
8. Nbxd2 d5 9. exd5 Nxd5 10. O-O O-O 11. Nb3 Bg4 12. Re1 Nb6 13. Bd3 Qf6 14.
Be4 Bf5 15. Nc5 Bxe4 16. Rxe4 Rab8 17. Qe1 h6 18. Rd1 Rfd8 19. h3 Nd5 20. Ne5
Qd6 21. Nc4 Qf8 22. Ne5 Nxe5 23. Rxe5 Nf6 24. Ne4 Nxe4 25. Qxe4 Rd7 26. Re1 a6
27. Rd5 Rxd5 28. Qxd5 Qb4 29. Re2 Qb5 30. Qf3 Qd7 31. Qe4 c6 32. Qh4 1/2-1/2

[Event "DEM U16 2016"]
[Site "Willingen GER"]
[Date "2016.05.15"]
[Round "2"]
[White "Degenhard, Simon"]
[Black "Kololli, Martin"]
[Result "0-1"]
[Termination "normal"]
[Board "8"]
[WhiteElo "1967"]
[BlackElo "2259"]
[WhiteClock "00:46:49"]
[BlackClock "00:36:48"]
[PlyCount "46"]
[WhiteFideId "12944017"]
[BlackFideId "12936910"]
[EventCountry "GER"]
[EventRounds "9"]
[EventType "swiss"]
[EventDate "2016.05.14"]

1. d4 f5 2. Nc3 Nf6 3. Bg5 e6 4. e4 fxe4 5. Nxe4 Be7 6. Bxf6 Bxf6 7. Qh5+ g6 8.
Qh6 b6 9. Nf3 Bb7 10. Bd3 Qe7 11. Qf4 Bxe4 12. Bxe4 d5 13. Bd3 O-O 14. O-O-O
Nc6 15. Bb5 Nxd4 16. Rxd4 e5 17. Qg4 exd4 18. Bc6 Rad8 19. h4 d3 20. h5 Qe2 21.
cxd3 Bxb2+ 22. Kb1 Bc3 23. Kc1 Rxf3 0-1

[Event "DEM U16 2016"]
[Site "Willingen GER"]
[Date "2016.05.15"]
[Round "2"]
[White "Schlick, Stefan"]
[Black "Gungl, Theo"]
[Result "1/2-1/2"]
[Termination "normal"]
[Board "9"]
[WhiteElo "1918"]
[BlackElo "2326"]
[WhiteClock "00:18:55"]
[BlackClock "00:54:36"]
[PlyCount "69"]
[WhiteFideId "16211332"]
[BlackFideId "24695653"]
[EventCountry "GER"]
[EventRounds "9"]
[EventType "swiss"]
[EventDate "2016.05.14"]

1. d4 d5 2. c4 c6 3. Nf3 Nf6 4. Nc3 e6 5. Bg5 dxc4 6. e4 b5 7. e5 h6 8. Bh4 g5
9. Nxg5 hxg5 10. Bxg5 Be7 11. exf6 Bxf6 12. Bxf6 Qxf6 13. g3 Na6 14. Bg2 Bb7
15. Nxb5 O-O-O 16. Qa4 Kb8 17. Bxc6 Qe7 18. Bxb7 Qxb7 19. O-O-O Rh5 20. Na3 Nb4
21. Nxc4 Nd3+ 22. Rxd3 Qxh1+ 23. Kd2 Rf5 24. Rb3+ Kc8 25. Nd6+ Rxd6 26. Qe8+
Rd8 27. Rc3+ Kb7 28. Qe7+ Ka6 29. Ra3+ Kb5 30. Rb3+ Ka6 31. Ra3+ Kb5 32. Rb3+
Ka6 33. Ra3+ Kb5 34. Rb3+ Ka6 35. Ra3+ 1/2-1/2

[Event "DEM U16 2016"]
[Site "Willingen GER"]
[Date "2016.05.15"]
[Round "2"]
[White "Bergauz, Noam"]
[Black "Spitzl, Vinzent"]
[Result "1-0"]
[Termination "normal"]
[Board "10"]
[WhiteElo "2301"]
[BlackElo "2253"]
[WhiteClock "00:09:56"]
[BlackClock "00:08:02"]
[PlyCount "53"]
[WhiteFideId "12938033"]
[BlackFideId "12901253"]
[EventCountry "GER"]
[EventRounds "9"]
[EventType "swiss"]
[EventDate "2016.05.14"]

1. e4 c5 2. Nf3 d6 3. d4 cxd4 4. Nxd4 Nf6 5. Nc3 a6 6. h3 e5 7. Nde2 h5 8. Bg5
Be6 9. Ng3 g6 10. Bd3 Be7 11. O-O Nbd7 12. Qf3 Rc8 13. Rfe1 O-O 14. Rad1 Re8
15. Nf1 Qb6 16. Rb1 Qc7 17. Ne3 Kg7 18. Qg3 Kh7 19. Rf1 Qc5 20. Kh1 b5 21. a3
d5 22. exd5 Nxd5 23. Ncxd5 Bxd5 24. Bxe7 Rxe7 25. Qg5 Be6 26. b4 Qd6 27. Rbd1
1-0